Pokémon Moves- Electric Type - Statistics

General Stats
  • This quiz has been taken 273 times
  • The average score is 32 of 47
Answer Stats
Hint Answer % Correct
I Thunder
100%
I Thunderbolt
99%
I Thunder Shock
97%
I Thunder Punch
94%
I Thunder Wave
93%
III Charge
92%
III Volt Tackle
91%
IV Thunder Fang
88%
IV Charge Beam
82%
VI Electric Terrain
82%
V Electro Ball
82%
V Wild Charge
82%
II Zap Cannon
82%
II Spark
79%
IV Discharge
78%
VI Nuzzle
78%
V Volt Switch
77%
V Electroweb
75%
V Bolt Strike
74%
III Shock Wave
72%
V Fusion Bolt
71%
VI Parabolic Charge
71%
VIII Thunder Cage
68%
IV Magnet Rise
67%
VIII Max Lightning
66%
VII Zing Zap
66%
VII Zippy Zap
64%
VII 10,000,000 Volt Thunderbolt
62%
VI Ion Deluge
61%
VI Electrify
60%
VII Gigavolt Havoc
58%
VII Plasma Fists
57%
VII Pika Papow
56%
VIII Aura Wheel
55%
VIII Overdrive
55%
VII Catastropika
54%
VIII Bolt Beak
53%
IX Electro Drift
53%
VIII Rising Voltage
53%
VI Eerie Impulse
51%
VIII G-Max Volt Crash
51%
VI Magnetic Flux
51%
VII Buzzy Buzz
49%
IX Double Shock
49%
VIII Wildbolt Storm
49%
VIII G-Max Stun Shock
48%
VII Stoked Sparksurfer
47%
No matching quizzes found
Score Distribution
Percent of People with Each Score
Percentile by Number Answered
Your Score History
You have not taken this quiz